Statistiques concernant Couleurs de maillot des clubs français de football

Cliquez ici pour prendre le quiz!

Statistiques générales

  • Ce quiz a été pris 1 944 fois
  • Le résultat moyen est 18 sur 20

Statistiques - réponses

ClubCouleur% Correct
Amiens SCBlanc
95%
FC Girondins de BordeauxBleu
95%
Olympique lyonnaisBlanc
94%
Olympique de MarseilleBlanc
94%
Paris-Saint-Germain FCBleu
94%
FC NantesJaune
94%
Lille OSCRouge
94%
AS Saint-EtienneVert
94%
Stade rennais FCRouge
93%
RC StrasbourgBleu
92%
Dijon FCORouge
92%
EA GuingampRouge
92%
Angers SCO*Noir et blanc
91%
FC MetzRouge
91%
AS Monaco FC*Rouge et blanc
91%
ES Troyes ACBleu
90%
OGC Nice*Rouge et noir
89%
SM Caen*Bleu et rouge
86%
Montpellier HSCBleu
84%
Toulouse FC*Violet et blanc
74%

Distribution des résultats

Percentile par nombre de réponses

% des personnes avec chaque résultat

Votre développement - résultats

Vous n’avez pas pris ce quiz